| 000 | 00521nam a22001817a 4500 | ||
|---|---|---|---|
| 005 | 20230824142207.0 | ||
| 008 | 230824b |||||||| |||| 00| 0 eng d | ||
| 020 | _a9789393885265 | ||
| 041 | _aeng | ||
| 082 |
_223 _a612 |
||
| 100 |
_a Vageriya, Vipin _9204433 |
||
| 245 | _aApplied Anatomy and Applied Physiology for Nurses and Allied Health Sciences | ||
| 250 | _a1 | ||
| 260 |
_aBangalore _bEMMESS Medical Publisher _c2022 |
||
| 300 | _aX;384P. | ||
| 650 |
_aApplied Anatomy and Physiology _9204434 |
||
| 942 | _cCB | ||
| 999 |
_c355897 _d355897 |
||